=LDR 00000nam 2200000 4500 =001 INLIS000000000044186 =005 20200825125705 =035 ##$$a 0010-101300000002108 =008 200825################g##########0#ind## =082 ##$$a 2x9.8 =090 ##$$a 2x9.8, Had,s =100 ##$$a Hadi, Saiful =245 1#$$a Seri ilmuwan muslim pengukir sejarah /$c Saiful Hadi;Editor,Kartini,Muazzizah =260 ##$$a Jakarta :$b Ciptamedia Binanusa,$c [s.n.]. =300 ##$$a xii,479 hlm. ; $c 22 x 14 cm =650 #4$$a Islam-Sejarah =700 #$$a Kartini =700 #$$a Muazzizah =850 ##$$a NBPNMAT =020 ##$$a 979-3374-07-1 =084 ##$$a 2x9.8 HAD s =504 ##$$a Bibliografi :hlm.475-478 =520 ##$$a Indeks :hlm.479 =990 ##$$a 20904157 =990 ##$$a 20904154 =990 ##$$a 20904156 =990 ##$$a 20904155